| 000 | 00502nam a22001817a 4500 | ||
|---|---|---|---|
| 005 | 20250108154627.0 | ||
| 010 | _aB-761634 | ||
| 020 |
_a9789356069442 _c505.00 |
||
| 035 | _aB-761634 | ||
| 037 | _bGift | ||
| 082 | _a510 | ||
| 245 |
_aIIT Foundation Mathematics; _b2023 Class 7/ |
||
| 250 | _a4th | ||
| 260 |
_aNew Delhi _bPearson _c2023 |
||
| 300 |
_aV p. _c28cm(pb) |
||
| 942 |
_2ddc _cCH _mNEW _h000 |
||
| 999 |
_c208221 _d208221 |
||